000 00234 a2200097 4500
001 58281
100 _a
245 _aMeaning and message of the traditions ( 2 vol.s set)
260 _aKarachi
_bDarus Pub
_c1983
090 _c35778
_d35778
942 _aNUST-CAE
_c
_c28644
999 _c293354
_d293354